Les stations de la ligne 2 du métro parisien - Mort subite - Statistiques

Statistiques générales
  • Ce quiz a été pris 156 fois
  • Le résultat moyen est 10 sur 16
Answers on the Grid
Answers color-coded by a green-red scale on the quiz's grid according to % correct below.
Porte Dauphine
Porte d'Auteuil
Couronnes
Cambronne
La Chapelle
Gare du Nord
Père Lachaise
Parmentier
Rome
Liège
Place de Clichy
Porte de Clichy
Victor Hugo
Voltaire
Avron
Buzenval
Charles de Gaulle - Étoile
Opéra
Belleville
Jourdain
Barbès - Rochechouart
Marcadet - Poissonniers
Stalingrad
Louis Blanc
Jaurès
Jussieu
Philippe Auguste
Gambetta
Villiers
Buttes Chaumont
Ternes
Termes
 
Statistiques - réponses
Réponse % Correct
Porte Dauphine
70%
Barbès - Rochechouart
69%
Victor Hugo
69%
Père Lachaise
68%
Stalingrad
68%
Belleville
67%
La Chapelle
66%
Place de Clichy
65%
Villiers
65%
Rome
64%
Charles de Gaulle - Étoile
63%
Couronnes
61%
Jaurès
58%
Avron
57%
Ternes
57%
Philippe Auguste
55%
Aucun quiz correspondant
Distribution des résultats
% des personnes avec chaque résultat
Percentile par nombre de réponses
Votre historique - résultats
Vous n’avez pas pris ce quiz